Click Be A Lady Quiz Stats

 Plays Quiz Updated May 9, 2012

Challenge
Share
Tweet
Embed
Score 0/50 Timer 04:00
3 Plays Today
% Correct
Miley Cyrus
93.4%
Cameron Diaz
93.3%
Lindsay Lohan
93.3%
Paris Hilton
93.1%
Taylor Swift
93.1%
Halle Berry
93%
Drew Barrymore
92.3%
Dakota Fanning
91.3%
Sigourney Weaver
89%
Nicki Minaj
88.3%
January Jones
82.7%
Stevie Nicks
81.7%
Hayley Mills
81%
Billie Jean King
80.7%
Andie MacDowell
80.2%
Blake Lively
77.5%
Evan Rachel Wood
77.2%
Billie Holiday
74.5%
Soleil Moon Frye
73.9%
Harper Lee
73.7%
Tatum O'Neal
71.8%
Stockard Channing
71.7%
Tempestt Bledsoe
70.4%
Sojourner Truth
69.7%
Morgan Fairchild
68.8%
% Correct
Tuesday Weld
68.6%
Sandy Duncan
67.8%
Parker Posey
66.5%
Jessie J
66.2%
Marion Cotillard
65.9%
Rooney Mara
65.4%
Leighton Meester
65.2%
Picabo Street
65.1%
Chris Evert
63.1%
Dee Dee Myers
62.4%
Camryn Manheim
61.8%
Moon (Unit) Zappa
61.6%
Busy Phillips
59.9%
Temple Grandin
56.6%
Jerry Hall
56.1%
Cobie Smulders
56%
Bryce Dallas Howard
55.5%
Wallis Simpson
55.1%
Lee Meriwether
51.2%
Joey Lauren Adams
50.7%
Jean Seberg
48.9%
Diablo Cody
47.6%
Michael Learned
41.8%
Gelsey Kirkland
39.6%
Carson McCullers
30.3%

You're not logged in!

Compare scores with friends on all Sporcle quizzes.
Join for Free
OR
Log In

You Might Also Like...

Show Comments

Extras

Top Quizzes Today


Score Distribution

Your Account Isn't Verified!

In order to create a playlist on Sporcle, you need to verify the email address you used during registration. Go to your Sporcle Settings to finish the process.

Report this User

Report this user for behavior that violates our Community Guidelines.

Details: